[Event "FRA-chT U20 1112"]
[Site "France"]
[Date "2012.01.21"]
[Round "2.17"]
[White "Dodart, Marion"]
[Black "Le Cour, Valentin"]
[Result "0-1"]
[WhiteElo "1410"]
[BlackElo "1266"]
[PlyCount "38"]
[EventDate "2011.12.03"]
[EventType "team-swiss"]
[EventRounds "7"]
[EventCountry "FRA"]
[SourceTitle "EXT 2013"]
[Source "ChessBase"]
[SourceDate "2012.11.22"]
[SourceVersion "1"]
[SourceVersionDate "2012.11.22"]
[SourceQuality "1"]

1. d4 Nf6 2. c4 g6 3. Nc3 d6 4. Bg5 Nbd7 5. Nf3 Bg7 6. e3 0-0 7. Bd3 c5 8. 0-0 Qb6 9. b3 a6 10. Qe2 Re8 11. Qc2 e5 12. dxe5 Nxe5 13. Nxe5 Rxe5 14. Bxf6 Bxf6 15. Nd5 Qd8 16. Nxf6+ Qxf6 17. e4 Rg5 18. Rae1 Bh3 19. g3 Qf3 0-1

[Event "FRA-chT U20 1112"]
[Site "France"]
[Date "2012.01.21"]
[Round "2.10"]
[White "Le Cour, Valentin"]
[Black "Lefebvre, Matthieu"]
[Result "0-1"]
[WhiteElo "1266"]
[BlackElo "1460"]
[PlyCount "44"]
[EventDate "2011.12.03"]
[EventType "team-swiss"]
[EventRounds "7"]
[EventCountry "FRA"]
[SourceTitle "EXT 2013"]
[Source "ChessBase"]
[SourceDate "2012.11.22"]
[SourceVersion "1"]
[SourceVersionDate "2012.11.22"]
[SourceQuality "1"]

1. d4 d5 2. c4 e6 3. Nc3 Nf6 4. Bg5 c6 5. c5 b6 6. b4 Ba6 7. Nf3 Nbd7 8. Ne5 Be7 9. Nxc6 Qc7 10. Qa4 h6 11. Qxa6 hxg5 12. Nxe7 Kxe7 13. Nb5 Qc6 14. Nxa7 Rxa7 15. Qxa7 Ra8 16. Qxb6 Nxb6 17. cxb6 Qxb6 18. a3 Qc6 19. g3 Qc3+ 20. Kd1 Qxa1+ 21. Kd2 Ne4+ 22. Ke3 Qc3# 0-1